| 000 | 00640nam a22002297a 4500 | ||
|---|---|---|---|
| 003 | OSt | ||
| 005 | 20140310182934.0 | ||
| 008 | 130201t xxu||||| |||| 00| 0 eng d | ||
| 020 | _a9789715846318 | ||
| 050 |
_aNX 280 _b..Ar712 2008 |
||
| 082 |
_aFIL 700.1 _bAr4 2008 |
||
| 245 |
_aIntroduction to art appreciation : a textbook in humanities _cAriola, Mariano |
||
| 260 |
_aQuezon City _bC & E Publishing, Inc. _cc2008 |
||
| 300 |
_axii, 180 p. : ill. _c26 cm. |
||
| 521 | _acollege students | ||
| 526 | _c1210L-1700L | ||
| 541 | _j1 | ||
| 541 | _j2 | ||
| 541 | _j3 | ||
| 562 | _e3 | ||
| 942 |
_2lcc _cBK _kFIL |
||
| 999 |
_c17587 _d17587 |
||